00790nam a2200181Ia 4500008004100000020001500041050001900056082002100075100002700096245008200123250001800205260004500223300001800268505024700286650001500533700003200548700002800580120622s1992 mx 000 0 spa d a9684441311 aHM66 bP8 1992 a301 bP978h 1992 aPuga, Cristina eautor aHacia la sociologíac / Cristina Puga, Jacqueline Peschard, Teresita Castro a2a. edición aMéxico b : Alhambra Mexicanac, 1992 a167 páginas aSociologia y sociedad Los protagonistas sociales Sociedad y cultura La sociedad política mente organizada: el Estado Sociología e ideología La sociología y el cambio social Sociedad nacional, sociedad mundial La tarea del sociólogo10aSOCIOLOGIA aPeschard, Jacquelineeautor aCastro, Teresitaeautor